000 00603nam a22002052 4500
001 0000007081
005 20151021151111.0
008 071112s xx 000 0 eng d
020 _a9966805516 :
_cKES 590
040 _aKABU
_cKABU
100 1 _aMaxwell, John C.
_@0000150804
245 1 0 _aBe a people person /
_cJohn C. Maxwell.
250 _a2nd ed.
260 _aNairobi :
_bWordAlive,
_c2002.
300 _a156 p.
650 0 _aLeadership
_xReligious aspects
_xChritianity.
_@0000160638
908 _a071112
950 _@1
999 _c682
_d682